| 000 | 01247cam a2200289Ia 4500 | ||
|---|---|---|---|
| 001 | fortress00drak | ||
| 003 | CaSfIA | ||
| 005 | 20210118084223.0 | ||
| 007 | cr|||| | ||
| 008 | 920417r19881987nyu 000 1 eng d | ||
| 040 |
_aIHI _cIHI _dOCLCQ _dBTCTA _dYDXCP _dBAKER _dDKU _dCaSfIA |
||
| 020 |
_a0812536207 : _c$3.95 |
||
| 020 | _a9780812536201 | ||
| 035 | _a(OCoLC)25669232 | ||
| 050 | 1 | 4 |
_aPS3554 R196 _bF67 1988 |
| 100 | 1 | _aDrake, David. | |
| 245 | 1 | 0 |
_aFortress / _h[electronic resource] _cDavid Drake. |
| 260 |
_aNew York ; _bT. Doherty Associates, _c1988. |
||
| 300 |
_a311 p. ; _c18 cm. |
||
| 500 | _a"First published in 1987"--verso t.p. | ||
| 500 | _a"A Tor book"--verso t.p. | ||
| 856 | 4 | 1 |
_uhttp://www.archive.org/details/fortress00drak _zFree eBook from the Internet Archive |
| 856 | 4 | 2 |
_uhttp://www.openlibrary.org/books/OL11347361M _zAdditional information and access via Open Library |
| 942 | _cEB | ||
| 506 | _fНеобхідна авторизація на https://archive.org/ (створення облікового запису безкоштовно) | ||
| 506 | _fНеобхідна авторизація на https://openlibrary.org/ (створення облікового запису безкоштовно) | ||
| 999 |
_c498258 _d498258 |
||